Biblioteca

The warfare between science and religion : (Registro nro. 67664)

Detalles MARC
000 -LÍDER
Campo fijo de descripción fija 01895cam a2200349 i 4500
001 - NÚMERO DE CONTROL
Campo de control 768714001
003 - IDENTIFICADOR DEL NÚMERO DE CONTROL
Campo de control CO-MdFUSB
005 - FECHA Y HORA DE LA ULTIMA TRANSACCIÓN
control field 20220405142510.0
007 - CAMPO FIJO DE DESCRIPCIÓN FIJA--INFORMACIÓN GENERAL
Campo fijo de descripción fija ta
008 - ELEMENTOS DE LONGITUD FIJA -- INFORMACIÓN GENERAL
Campo fijo de descripción fija -- Información general 180102t2018 mdu b 001 0 eng
020 ## - NÚMERO INTERNACIONAL NORMALIZADO PARA LIBROS
Número Internacional Normalizado del libro 1421426188
040 ## - FUENTE DE CATALOGACIÓN
Agencia de catalogación original DLC
Idioma de catalogación eng
Agencia que realiza la transcripción CO-MdFUSB
Convenciones de la descripción rda
Agencia que realiza la modificación DLC
-- DLC
041 ## - CÓDIGO DE IDIOMA
Código de idioma para texto/pista de sonido o título separado eng
082 00 - NÚMERO DE CLASIFICACIÓN DECIMAL DEWEY
Número de clasificación 201.65
Número de la edición del Dewey 23
Clave de autor-Numero de item W274
245 14 - TÍTULO
Título del Material The warfare between science and religion :
Parte restante del título - Subtitulo the idea that wouldn't die /
Mención de responsabilidad, etc. editado por Jeff Hardin , Ronald L. Numbers , Ronald A. Binzley.
264 #1 - PRODUCCIÓN, PUBLICACIÓN, DISTRIBUCIÓN, MANUFACTURA, Y COPYRIGHT
Lugar de producción, publicación, distribución, manufactura Baltimore :
Nombre del productor, publicador, distribuidor Johns Hopkins University Press,
Fecha de producción, publicación, distribución, manufactura, o copyright [2018]
264 #4 - PRODUCCIÓN, PUBLICACIÓN, DISTRIBUCIÓN, MANUFACTURA, Y COPYRIGHT
Fecha de producción, publicación, distribución, manufactura, o copyright © 2018
300 ## - DESCRIPCIÓN FÍSICA
Extensión 355 páginas ;
Dimensiones 23 cm
336 ## - TIPO DE CONTENIDO
Término de tipo de contenido texto
Código de tipo de contenido txt
Fuente rdacontent
337 ## - TIPO DE MEDIO
Nombre del tipo de medio sin mediación
Código del tipo de medio n
Fuente rdamedia
338 ## - TIPO DE SOPORTE
Nombre del tipo de soporte volumen
Código Tipo de soporte nc
Fuente rdacarrier
504 ## - NOTA DE BIBLIOGRAFÍA, ETC.
Nota de bibliografía, etc Incluye referencias bibliográficas e índice.
505 ## - NOTA DE CONTENIDO
Nota de contenido con formato preestablecido Introducción / Mark A. Noll, David N. Livingstone -- La tesis de la guerra / Lawrence M. Principe -- El caso Galileo / Maurice A. Finocchiaro -- Rumores de guerra / Monte Harrell Hampton -- Los victorianos: Tyndall y Draper / Bernard Lightman -- Europa continental / Frederick Gregory -- Católicos romanos / David Mislin -- Cristianos ortodoxos orientales / Efthymios Nicolaidis --<br/>Protestantes liberales / Jon H. Roberts -- Evangélicos protestantes / Bradley J. Gundlach -- Judíos / Noah Efron --<br/>Musulmanes / M. Alper Yalçinkaya -- Nuevos ateos / Ronald L. Numbers, Jeff Hardin -- Neo-armonistas / Peter Harrison --<br/>Historiadores / John Hedley Brooke -- Científicos / Elaine Howard Ecklund, Christopher P. Scheitle -- Científicos sociales / Thomas H. Aechtner -- La vista en la calle / John H. Evans.
563 ## - NOTA DE ENCUADERNACIÓN
Nota de encuadernación Rústico
650 #7 - ASIENTO SECUNDARIO DE MATERIA - TERMINO TEMÁTICO
9 (RLIN) 259
Término temático o nombre geográfico como elemento de entrada Religión y ciencia
700 1# - ASIENTO SECUNDARIO - NOMBRE PERSONAL
Nombre personal Hardin, Jeff,
Responsabilidad editor.
700 1# - ASIENTO SECUNDARIO - NOMBRE PERSONAL
Nombre personal Numbers, Ronald L.,
Responsabilidad editor.
700 1# - ASIENTO SECUNDARIO - NOMBRE PERSONAL
Nombre personal Binzley, Ronald A.,
Responsabilidad editor.
942 ## - TIPO DE MATERIAL (KOHA)
Tipo de Item KOHA Libros General
945 ## - INFORMACIÓN LOCAL DEL REGISTRO
Catalogador JTF
Existencias
Estado de Material Estado de Perdido Forma de Clasificación Estado de Dañado No para Préstamo Colección Biblioteca de Origen Biblioteca Permanente Fecha de Adquisición Área Total de Préstamos Signatura Topográfica Código de Barras Última vez visto Ejemplar/Existencia Fecha de Remplazo Tipo de Material
    Dewey Decimal Classification     Colección General Biblioteca FUSBC Biblioteca FUSBC 04/04/2022 BIBLIA   G 201.65 W274w 21846 04/04/2022 Ej.1 04/04/2022 Libros General

Biblioteca FUSBC | Teléfono: (57+4) 349 88 10 Ext. 141| WhatsApp (+57) 3005338115 
E-mail: biblioteca@unisbc.edu.co | Calle 76 87-14 Robledo Palenque, Medellín, Colombia

Con tecnología Koha